01165nam a2200265Ia 450000500170000000800410001708200150005824500990007325000190017230000100019150502280020165000370042965000490046665000490051565000530056465000530061765000490067094200120071926400300073133600270076133700330078833800280082104000350084999900150088420220317001406.0161108s2002 sp g 000 0 spa 04a709.1bG6110aGrandes épocas del artebdesde el arte griego hasta el arte del siglo XXhvideodisco digital a1a. edición  a10 v. a1. La Grecia clásica -- 2. El arte de Roma -- 3. Arte bizantino y cristiano -- 4. El románico -- 5. El gótico -- 6. El renacimiento -- 7. Era barroca -- 8. El rococó.-- 9. Arte del siglo XIX.-- 10. Arte del siglo XX142LEMBaArte europeo vVideodiscos142LEMBaArte vVideodiscos xHistoria xEuropa142LEMBaArte barroco vVideodiscos xHistoria 142LEMBaArte renacentistavVideodiscos xHistoria 142LEMBaArte romántico vVideodiscos xHistoria 142LEMBaArte góticovVideodiscos xHistoria  2ddccBK aMadridbCrest Filmsc2002 atextobtxt2rdacontent asin mediaciónbn2rdamedia avolumenbnc2rdacarrier aCO-BoRNBPbspaerdacCO-BoRNBP c6829d6829